| 000 | 02252aam a2200721 4500 | ||
|---|---|---|---|
| 005 | 20250110091530.0 | ||
| 008 | 150311b xxu||||| |||| 00| 0 spa d | ||
| 041 | _aEspañol | ||
| 082 | _a658.401.2 K17ma | ||
| 100 |
_aKaplan, Robert S. _918211 |
||
| 100 |
_aNorton, David P. _918212 |
||
| 245 | _aMapas estratégicos: convirtiendo activos intangibles en resultados tangibles | ||
| 260 |
_aEspañol _bGestión 2000 _c2004 |
||
| 300 | _a499 páginas | ||
| 650 | _aPLANEACIÓN ESTRATÉGICA | ||
| 650 | _aESTRATEGIA | ||
| 650 | _aDESCRPCIÓN DE KA ESTRATEGIA | ||
| 650 | _aMAPAS ESTRATÉGICOS | ||
| 650 | _aESTUDIOS DE CASOS | ||
| 650 | _aPROCESOS INTERNOS | ||
| 650 | _aGESTIÓN OPERATIVA | ||
| 650 | _aGESTIÓN DE CLIENTES | ||
| 650 | _aPROCESOS DE INNOVACIÓN | ||
| 650 | _aPROCESOS REGULARES Y SOCIALES | ||
| 650 | _aADMINISTRACIÓN DE EMPRESAS | ||
| 650 | _aMAPAS ESTRATEGICOS | ||
| 650 | _aPLANIFICACIÓN ESTRATÉGICA | ||
| 650 | _aCUADRO DE MANDO INTEGRAL | ||
| 650 | _aPROCESOS DE GESTIÓN OPERATIVA | ||
| 650 | _aDESARROLLAR RELACIONES CON PROVEEDORES | ||
| 650 | _aPRODUCIR BIENES Y SERVICIOS | ||
| 650 | _aDISTRIBUIR Y ENTREGAR PRODUCTOS A CLIENTES | ||
| 650 | _aGESTIONAR EL RIESGO | ||
| 650 | _aINDICADORES | ||
| 650 | _aPERSPECTIVA FINANCIERA | ||
| 650 | _aCAPITAL HUMANO | ||
| 650 | _aCAPITAL DE LA INFORMACIÓN | ||
| 650 | _aCAPITAL ORGANIZATIVO | ||
| 650 | _aDESARROLLO EL CASO EMPRESARIAL | ||
| 650 | _aESTABLECER PRIORIDADES | ||
| 650 | _aJUSTIFICACIÓN DE COSTES | ||
| 650 | _aGESTIÓN DE CALIDAD TOTAL | ||
| 650 | _aMANDO INTEGRAL | ||
| 650 | _aGESTIÓN DE CLIENTES | ||
| 650 | _aGESTIÓN DE PROCESOS DE INNOVACIÓN | ||
| 650 | _aCOMPETENCIAS | ||
| 650 | _aPROCESOS | ||
| 650 | _aINDICADORES | ||
| 650 | _aALIANZAS ESTRATÉGICAS | ||
| 650 | _aCULTURA | ||
| 650 | _aLIDERAZGO | ||
| 650 | _aTRABAJO EN EQUIPO | ||
| 650 | _aCULTURA ORGANIZACIONAL | ||
| 650 | _aGENERACIÓN DE CONOCIMIENTOS | ||
| 650 | _aGESTIÓN DE OPERACIONES | ||
| 650 | _aCOMPETENCIAS DE EMPLEADOS | ||
| 650 | _aTECNOLOGÍAS DE LA INFORMACIÓN | ||
| 650 | _aMISIÓN | ||
| 650 | _aVISIÓN | ||
| 650 | _aVALORES | ||
| 650 | _aPLANIFICACIÓN DE LA CAMPAÑA | ||
| 942 |
_cBK _2ddc |
||
| 999 |
_c2128 _d2128 |
||